00430nam a2200133 a 450000100100000000500170001000800410002704000250006808200150009310000290010824500810013726000580021830000200027600003098220200930062629.0110608s1922 dr 000 | spa d aDO-SdBNPbspacBNPHU axxxbR488r1 aRicart y Olives, Alfredo10aRefutaciones al informe del Lic. Fco. J. Peynado /cAlfredo Ricart y Olives. aSanto Domingo :bTipografía Listín Diario,c1922. a45 p. ;c22 cm.